000 00460nam a2200181Ia 4500
003 GCL
008 140319s9999 xx 000 0 aRus d
040 _aGCL /
_cGCL
082 0 4 _a863
_bP C
100 1 _aPUERTOLAS, SOLEDAD
245 1 0 _aLA CORRIENTE DEL GOLFO /
_cPUERTOLAS, SOLEDAD
260 _a[S.N] :
_bEDITORIAL ANAGRAMA ،
_c1993
300 _a186
650 0 4 _aLITERATURE
650 0 4 _aFICTION
650 0 4 _aSPANISH LITERATURE
942 _2ddc
_cBK
999 _c12818
_d12818